000 00410cam a22001337a 4500
008 180718b1997 xxu||||| |||| 00| 0 eng d
082 _aT19 Sa14d (R)
245 _aThe development dictionary: a guide to knowledge as power
_cedited by Wolfgang Sachs
260 _aHyderabad
_bOrient Longman
_c1997
300 _a408p.
650 _aSocial planning
650 _aEconomic development
700 _aSachs, Wolfgang
999 _c381064
_d381064